| 000 | 00963nam a22001815i 4500 | ||
|---|---|---|---|
| 001 | 171315 | ||
| 003 | ES-MaACL | ||
| 005 | 20250616063045.0 | ||
| 008 | 090508s1856 sp |||| | spa d | ||
| 100 | 0 |
_aFrontaura, Carlos, _d1834-1910 _952739 |
|
| 245 | 1 | 3 |
_aEl duende del mesón _b: comedia lírica en un acto y en verso / _coriginal de Carlos Frontaura ; música de Luis Velasco. |
| 260 |
_aMadrid : _b[Manuel Pedro Delgado], _c1856 ( _fImp. de Cipriano López) |
||
| 300 |
_a39 p. ; _c18 cm. |
||
| 500 | _aEn port.: Representada con estraordinario [sic] aplauso en el teatro de Tirso de Molina la noche del 18 de octubre de 1856. | ||
| 700 | 1 |
_aVelasco, Luis _c(músico) _9187683 |
|
| 852 |
_aES-MaACL _jF-8600(8) _z.- Enc. pasta española _q.- Falto de la cub. original _z.- Enc. en un vol. facticio, formando parte de la col. facticia "Teatro español moderno", vol. 53 _z.- Firma manuscrita de Gustavo Saenz Diez, 1878 |
||
| 999 |
_c171315 _d171315 |
||